Africa.

Bibliographic Details
Format: Serial
Language:English
Published: New York : Africana Pub. Corp.
Subjects:
Online Availability: Check for online availability

MARC

Tag First Indicator Second Indicator Subfields
LEADER 00000cas a2200000 4500
001 in00000030589
005 20151007061645.0
008 760620d19681975nyuar 0uuua0enge
010 |a  68006810  
022 |a 0065-3802 
035 |a (OCoLC)02257007 
035 |9 AAD2687AM 
040 |a DLC  |c PIT  |d PIT  |d OCL  |d MUL  |d TXA  |d UtOrBLW 
049 |a TXAE 
050 0 0 |a DT1  |b .A14 
082 0 |a 915/.005 
245 0 0 |a Africa. 
264 1 |a New York :  |b Africana Pub. Corp. 
300 |a volumes :  |b illustrations, maps. ;  |c 29 cm. 
336 |a text  |b txt  |2 rdacontent 
337 |a unmediated  |b n  |2 rdamedia 
338 |a volume  |b nc  |2 rdacarrier 
362 0 |a  1968-1974/75. 
500 |a "A reference volume on the African Continent prepared by Jeune afrique and published as a special annual issue." 
651 0 |a Africa  |v Periodicals. 
730 0 |a Jeune Afrique (Tunis) 
999 |a MARS 
999 f f |s f3c2e5c8-ae3f-32c7-bac6-07e4dab19a50  |i 1650679f-7a73-343d-bca0-f2affc882bcc  |t 0 
952 f f |p ric  |a Texas A&M University  |b Rellis Campus  |c Joint Library Facility  |s JLF  |d Remote Storage  |t 0  |e DT1 .A14  |h Library of Congress classification  |i unmediated -- volume  |k 1972  |m A14829177724 
952 f f |p ric  |a Texas A&M University  |b Rellis Campus  |c Joint Library Facility  |s JLF  |d Remote Storage  |t 0  |e DT1 .A14  |h Library of Congress classification  |i unmediated -- volume  |k 1969/1970  |m A14807751976 
952 f f |p ric  |a Texas A&M University  |b Rellis Campus  |c Joint Library Facility  |s JLF  |d Remote Storage  |t 0  |e DT1 .A14  |h Library of Congress classification  |i unmediated -- volume  |k 1974/1975  |m A14829177643 
952 f f |p ric  |a Texas A&M University  |b Rellis Campus  |c Joint Library Facility  |s JLF  |d Remote Storage  |t 0  |e DT1 .A14  |h Library of Congress classification  |i unmediated -- volume  |k 1968  |m A14852395061 
952 f f |p ric  |a Texas A&M University  |b Rellis Campus  |c Joint Library Facility  |s JLF  |d Remote Storage  |t 0  |e DT1 .A14  |h Library of Congress classification  |i unmediated -- volume  |k 1973  |m A14829177562 
952 f f |p ric  |a Texas A&M University  |b Rellis Campus  |c Joint Library Facility  |s JLF  |d Remote Storage  |t 0  |e DT1 .A14  |h Library of Congress classification  |i unmediated -- volume  |k 1971  |m A14852394890 
998 f f |a DT1 .A14  |s 1968-1974/1975  |t 0  |l Remote Storage